000
00341cam a2200145ua 4500
041
_a
hin
_h
082
_a
891.43
_b
YAS/YA
100
_a
Yeshpal, .
245
_a
Yeshpal ki shresht kahani /
_c
Yeshpal.
_h
Textual Documents
260
_a
:
_b
Rajkamal Prakash ,
_c
1988.
300
_a
; .
504
_a
942
_c
BK
999
_c
2424
_d
2424